|
|
|
|
| LEADER |
00917nab#a2200325#ar4500 |
| 001 |
000015813 |
| 003 |
SVKKK |
| 005 |
00000000000000.0 |
| 008 |
c xo e sloo |
| FMT |
|
|
|
| 038 |
|
|
|a SVKKK
|
| 040 |
|
|
|a SVKKK
|b slo
|e AACR2
|
| 041 |
0 |
|
|a slo
|
| 044 |
|
|
|a xo
|c SK
|
| 080 |
|
|
|a 785.1
|2 1981
|
| 090 |
|
|
|a [KŠK K]
|
| 100 |
0 |
|
|a (ja)
|4 aut
|
| 245 |
1 |
0 |
|a V širokom zábere :
|b K posledným podujatiam Štátnej filharmónie
|c (ja) ,
|
| 650 |
0 |
4 |
|a Trhlík, Otakar (dirigent slov.)
|z Lapšanský, Marián (klavírista slov.)
|
| 650 |
0 |
4 |
|a Štátna filharmónia, Košice
|x hosťovanie
|x informácie
|
| 650 |
0 |
4 |
|a Štátna filharmónia, Košice
|x podujatia
|x január 1993
|x hodnotenie
|
| 773 |
0 |
|
|t Lúč
|g Roč. 2, č. 44(1993), dát. 0223, s. 6
|
| 957 |
|
|
|a Košice
|
| 958 |
|
|
|a KE
|
| 958 |
|
|
|a RE
|
| 974 |
|
|
|d 971215
|a Čr
|
| 992 |
|
|
|a RBX
|
| BAS |
|
|
|
| 852 |
|
|
|a SVKKK
|b BIB
|
| 998 |
|
|
|a REG
|